000 00375nam a22001577a 4500
003 MPLRDC
005 20220104125618.0
008 210129b ||||| |||| 00| 0 eng d
082 _a947.413 GQLMZ v.6
100 _a高桥留美子
245 _a乱马. 六
_c
260 _a
_b创艺出版社
_c
300 _b
650 _a长篇漫画
942 _cBK
_o947.413 GQLMZ v.6
999 _c28752
_d28742